La ciencia política en Colombia : (Registro nro. 6880)
[ vista simple ]
| 000 -LEADER | |
|---|---|
| fixed length control field | 01536cam a2200277 i 4500 |
| 003 - CONTROL NUMBER IDENTIFIER | |
| control field | OSt |
| 005 - DATE AND TIME OF LATEST TRANSACTION | |
| control field | 20200923144834.0 |
| 008 - FIXED-LENGTH DATA ELEMENTS--GENERAL INFORMATION | |
| fixed length control field | 170217s2013 ck abd gr 000 0 spa d |
| 020 ## - INTERNATIONAL STANDARD BOOK NUMBER | |
| International Standard Book Number | 9789588719146 |
| 040 ## - CATALOGING SOURCE | |
| Original cataloging agency | CO-BoBLA |
| Transcribing agency | CO-JMCR |
| 041 0# - LANGUAGE CODE | |
| Language code of text/sound track or separate title | spa |
| 082 04 - DEWEY DECIMAL CLASSIFICATION NUMBER | |
| Classification number | 320.09861 |
| Item number | L685c |
| Edition number | 23 |
| 100 1# - MAIN ENTRY--PERSONAL NAME | |
| Personal name | Leyva Botero, Santiago, |
| Relator term | autor |
| -- | editor |
| 9 (RLIN) | 10724 |
| 245 10 - TITLE STATEMENT | |
| Title | La ciencia política en Colombia : |
| Remainder of title | ¿una disciplina en institucionalización? / |
| Statement of responsibility, etc. | Santiago Leyva Botero, Patricia Muñoz Yi, José Antonio Fortou. [y otros 15]. |
| 250 ## - EDITION STATEMENT | |
| Edition statement | Primera edición |
| 260 ## - PUBLICATION, DISTRIBUTION, ETC. | |
| Place of publication, distribution, etc. | Medellín : |
| Name of publisher, distributor, etc. | Fondo Editorial Universidad EAFIT, |
| Date of publication, distribution, etc. | 2013. |
| 300 ## - PHYSICAL DESCRIPTION | |
| Extent | 322 páginas : |
| Other physical details | ilustraciones, gráficos, mapas a color ; |
| Dimensions | 23 cm. |
| 504 ## - BIBLIOGRAPHY, ETC. NOTE | |
| Bibliography, etc. note | Bibliografía: páginas 307-308. |
| 505 0# - FORMATTED CONTENTS NOTE | |
| Formatted contents note | El estado de la ciencia política en Colombia. -- Las historias regionales de la ciencia política en Colombia. -- La enseñanza de la ciencia política en Colombia a nivel de pregrado. -- La investigación en ciencia política en Colombia. -- Las asociaciones disiplinares de la ciencia política. |
| 520 0# - SUMMARY, ETC. | |
| Summary, etc. | Este libro explora los avances en la institucionalización de la ciencia política en Colombia. |
| 650 24 - SUBJECT ADDED ENTRY--TOPICAL TERM | |
| Topical term or geographic name entry element | Ciencia política |
| General subdivision | Historia |
| Geographic subdivision | Colombia |
| Form subdivision | Congresos, conferencias. |
| 9 (RLIN) | 10725 |
| 650 24 - SUBJECT ADDED ENTRY--TOPICAL TERM | |
| Topical term or geographic name entry element | Ciencia política |
| General subdivision | Enseñanza superior |
| Geographic subdivision | Colombia |
| Form subdivision | Congresos, conferencias, |
| 9 (RLIN) | 10726 |
| 650 24 - SUBJECT ADDED ENTRY--TOPICAL TERM | |
| Topical term or geographic name entry element | Ciencia política |
| General subdivision | Investigación |
| Geographic subdivision | Colombia |
| Form subdivision | Congresos, conferencias. |
| 9 (RLIN) | 10727 |
| 700 1# - ADDED ENTRY--PERSONAL NAME | |
| Personal name | Muñoz Yi, Patricia |
| Relator term | autora |
| 9 (RLIN) | 10728 |
| 942 ## - ADDED ENTRY ELEMENTS (KOHA) | |
| Source of classification or shelving scheme | Dewey Decimal Classification |
| Koha item type | Books |
| Withdrawn status | Lost status | Source of classification or shelving scheme | Damaged status | Not for loan | Home library | Current library | Shelving location | Date acquired | Source of acquisition | Total Checkouts | Full call number | Barcode | Date last seen | Date last checked out | Copy number | Price effective from | Koha item type |
|---|---|---|---|---|---|---|---|---|---|---|---|---|---|---|---|---|---|
| Dewey Decimal Classification | Biblioteca Pública José María del Castillo y Rada | Biblioteca Pública José María del Castillo y Rada | General Stacks | 04/15/2018 | Donación | 1 | 320.09861 / L685c | 201810122 | 02/23/2026 | 02/23/2026 | Ej.1 | 04/15/2018 | Books |